MARC

LEADER 00000nam0a2200000 4500
001 169431
005 20231031163422.0
035 |a (RuTPU)RU\TPU\book\183788 
090 |a 169431 
100 |a 20091112d1944 m y0rusy50 ca 
101 0 |a rus 
102 |a RU 
105 |a a z 001zy 
200 1 |a Машинист станка ударно-канатного бурения  |f В. К. Бучнев 
210 |a Свердловск  |c Металлургиздат  |d 1944  |a Москва 
215 |a 120 с.  |c ил. 
320 |a Библиогр.: с. 120. 
610 1 |a ударно-канатное бурение 
610 1 |a горные работы 
610 1 |a станки 
610 1 |a конструкция 
610 1 |a характеристики 
610 1 |a буровые снаряды 
610 1 |a производительность 
610 1 |a аварии 
610 1 |a ликвидация 
610 1 |a буро-взрывные работы 
675 |a 622.243.4  |v 3 
700 1 |a Бучнев  |b В. К. 
801 1 |a RU  |b 63413507  |c 20091112 
801 2 |a RU  |b 63413507  |c 20220701  |g RCR 
942 |c BK